[Event "JUG-ch Podgorica"]
[Site "Podgorica"]
[Date "1996.??.??"]
[Round "9"]
[White "Maksimovic, Branimir"]
[Black "Drasko, Milan"]
[Result "0-1"]
[WhiteElo "2375"]
[BlackElo "2505"]

1.e4 e6 2.d4 d5 3.Nd2 Be7 4.Ngf3 Nf6 5.e5 Nfd7 6.Bd3 c5 7.c3 b6 8.Qe2 a5
9.a3 Ba6 10.c4 Nc6 11.cxd5 Bxd3 12.Qxd3 exd5 13.O-O O-O 14.Re1 Rc8 15.Qf5 g6
16.Qg4 Re8 17.Nf1 Nxd4 18.Nxd4 cxd4 19.Ng3 Nc5 20.Nf5 Bf8 21.Nxd4 Nd3 22.Bg5 Qc7
23.Red1 Qxe5 24.Be3 Nxb2 25.Nf3 Qe6 26.Qxe6 fxe6 27.Rdb1 Nc4 28.Bxb6 Bg7
29.Bd4 e5 30.Bc3 d4 31.Be1 e4 32.Nd2 Nxd2 33.Bxd2 d3 34.Ra2 Rc2 35.Rxc2 dxc2
36.Rc1 Rc8  0-1

[Event "Polanica Zdroj op"]
[Site "Polanica Zdroj"]
[Date "1996.??.??"]
[Round "4"]
[White "Ciruk, Jerzy"]
[Black "Vysochin, Spartak"]
[Result "0-1"]
[WhiteElo "2265"]
[BlackElo "2420"]

1.e4 e6 2.d4 d5 3.Nd2 Nc6 4.Ngf3 Nf6 5.exd5 exd5 6.c3 Bf5 7.Bb5 Qe7+ 8.Qe2 Qxe2+
9.Bxe2 O-O-O 10.O-O Bd6 11.Re1 h6 12.Nf1 a6 13.Ng3 Bh7 14.b3 Rhe8 15.Bb2 g5
16.Bf1 Ne4 17.Nxe4 dxe4 18.Nd2 f5 19.Nc4 Bf8 20.a4 a5 21.Rad1 b6 22.Na3 Ne7
23.Bc4 Nd5 24.Nc2 c6 25.Ne3 f4 26.Nxd5 cxd5 27.Bb5 Re7 28.c4 Rc7 29.cxd5 Bb4
30.Re2 Rxd5 31.Bc4 Rd8 32.d5 Bd6 33.Bd4 Kb7 34.Bb5 Ka7 35.Bf6 Rf8 36.Bd4 Bg6
37.Ree1 Rc2 38.Bg7 Rfc8 39.Re2 h5 40.Bd4 h4 41.Bf6 Bh5 42.Rxc2 Rxc2 43.Rf1 h3  0-1

[Event "CZE-ch U18"]
[Site "Prague"]
[Date "1996.??.??"]
[Round "6"]
[White "Stross, Frantisek"]
[Black "Rozmbersky, David"]
[Result "1/2-1/2"]
[WhiteElo "1840"]
[BlackElo "1970"]

1.e4 e6 2.d4 d5 3.Nd2 Nc6 4.Ngf3 Nf6 5.e5 Nd7 6.c3 f6 7.exf6 Qxf6 8.Nb3 Bd6
9.Bg5 Qf7 10.Bb5 O-O 11.O-O e5 12.dxe5 Ncxe5 13.Nbd2 c6 14.Be2 Nc5 15.Nxe5 Bxe5
16.Be3 Ne6 17.Bg4 Nf4 18.Bxc8 Raxc8 19.Nf3 Bb8 20.Bxf4 Qxf4 21.Qd4 Qd6 22.Qh4 Rf4
23.Qh3 Rcf8 24.Ng5 R8f6 25.Qxh7+ Kf8 26.Qh8+ Ke7 27.Rae1+ Kd7 28.Qe8+ Kc7
29.Qe7+ Kb6 30.Qxd6 Bxd6 31.g3 R4f5 32.f4 Rf8 33.Ne6 R8f7 34.Ng5 Rf8 35.Ne6 R8f7
36.Ng5  1/2-1/2

[Event "CZE-ch U18"]
[Site "Prague"]
[Date "1996.??.??"]
[Round "7"]
[White "Jirovsky, Petr"]
[Black "Klimes, Martin"]
[Result "1/2-1/2"]
[WhiteElo "2305"]
[BlackElo "1975"]

1.e4 e6 2.d4 d5 3.Nd2 Nc6 4.Ngf3 Nf6 5.e5 Nd7 6.c3 f6 7.Bb5 fxe5 8.dxe5 a6
9.Bxc6 bxc6 10.Nb3 c5 11.Bg5 Be7 12.Na5 Nb8 13.Qa4+ Bd7 14.Qh4 Ra7 15.O-O c4
16.b3 Bxg5 17.Nxg5 c5 18.bxc4 Qxa5 19.cxd5 Qd8 20.Rab1 exd5 21.e6 Bb5 22.c4 Bxc4
23.Qg3 O-O 24.Nf7 Qc7 25.Nh6+ Kh8 26.Nf7+ Kg8  1/2-1/2

[Event "Helma op"]
[Site "Pribram"]
[Date "1996.??.??"]
[Round "?"]
[White "Urbanec, Ladislav"]
[Black "Klimes, Martin"]
[Result "1-0"]
[WhiteElo "2195"]
[BlackElo "1970"]

1.e4 e6 2.d4 d5 3.Nd2 Nc6 4.Ngf3 Nf6 5.e5 Nd7 6.c3 f6 7.exf6 Qxf6 8.Bb5 Bd6
9.Nf1 O-O 10.Bg5 Qf7 11.Ng3 e5 12.Be3 e4 13.Ng5 Qg6 14.Qb3 Nf6 15.N5xe4 Be6
16.Nxf6+ Rxf6 17.Be2 Na5 18.Qb5 b6 19.Bh5 Qc2 20.Rc1 a6 21.Qe8+ Rxe8 22.Rxc2 g6
23.Be2 Nc4 24.Bxc4 dxc4 25.Ne4 Rff8 26.Re2 Bf5 27.Nxd6 cxd6 28.Kd2 Be4 29.f3 Bd3
30.Ree1 Re6 31.d5 Re5 32.Bd4 Rxd5 33.Re3 Rf7 34.Re8+ Rf8 35.Rhe1 Rf5 36.R8e7 R8f7
37.Bxb6  1-0

[Event "Banicky Kahanec"]
[Site "Prievidza"]
[Date "1996.??.??"]
[Round "10"]
[White "Maslik, Miroslav"]
[Black "Huba, Martin"]
[Result "1-0"]
[WhiteElo "2180"]
[BlackElo "2140"]

1.e4 e6 2.d4 d5 3.Nd2 a6 4.Ngf3 c5 5.dxc5 Bxc5 6.exd5 exd5 7.Nb3 Ba7 8.Bd3 Nf6
9.O-O O-O 10.h3 Nc6 11.c3 Qd6 12.Re1 Bd7 13.Be3 Bxe3 14.Rxe3 Rae8 15.Qd2 Rxe3
16.Qxe3 Re8 17.Qd2 Nh5 18.Re1 Rxe1+ 19.Qxe1 Nf4 20.Bf1 Kf8 21.Qe3 h6 22.Nbd4 Qf6
23.Nxc6 Bxc6 24.Ne5 Ng6 25.Qc5+ Ne7 26.Nf3 Ke8 27.Nd4 Kd7 28.Be2 Qd6 29.Bg4+ Kc7
30.Qa5+ Kb8 31.b4 g6 32.Bf3 Qc7 33.Nxc6+ bxc6 34.Qxa6 Qa7 35.Qe2 Qd7 36.a4 Kb7
37.a5 h5 38.Qe3 Nc8 39.Qd4 Qf5 40.Kh2 f6 41.c4 dxc4 42.Qxc4 Qe5+ 43.g3 Na7
44.Qf7+ Ka6 45.Qc4+ Kb7 46.Kg2 g5 47.Qf7+ Ka6 48.Qxh5 Kb5 49.Qf7 Qd4 50.Qb7+ Ka4
51.Bxc6+ Nxc6 52.Qxc6+ Kxb4 53.Qb6+  1-0

[Event "Pula op"]
[Site "Pula"]
[Date "1996.??.??"]
[Round "?"]
[White "Jukic, Branimir"]
[Black "Kovacevic, Vlatko"]
[Result "0-1"]
[WhiteElo "2390"]
[BlackElo "2445"]

1.e4 e6 2.d4 d5 3.Nd2 Nc6 4.Ngf3 Nf6 5.e5 Nd7 6.Bb5 a5 7.O-O Na7 8.Bd3 c5
9.c4 dxc4 10.Nxc4 Be7 11.Ng5 Bxg5 12.Nd6+ Kf8 13.Qh5 g6 14.Bxg5 gxh5 15.Bxd8 Nc6
16.Bg5 h6 17.Bh4 Nxd4 18.f4 Rg8 19.Rae1 Rg4 20.g3 Nb6 21.Rc1 Nd7 22.h3 Rg8
23.Kh2 b6 24.Rf2 Kg7 25.Be4 Rb8 26.f5 exf5 27.Bxf5 Nxe5 28.Bxc8 Ndf3+ 29.Kh1 Rgxc8
30.Be7 Re8 31.Nxe8+ Rxe8 32.Bd6 Nd3 33.Rxf3 Nxc1 34.a3 Re6 35.Bc7 a4 36.Rf4 b5
37.Rf5 Nb3 38.Rxh5 Kg6 39.g4 Re1+ 40.Kg2 Re2+ 41.Kg3 Rxb2 42.Bf4 f6 43.Rxh6+ Kg7
44.h4 Nd4 45.g5 Nf5+  0-1

[Event "CRO-ch"]
[Site "Pula"]
[Date "1996.??.??"]
[Round "?"]
[White "Ascic, Pero"]
[Black "Kovacevic, Vlatko"]
[Result "0-1"]
[WhiteElo "2290"]
[BlackElo "2445"]

1.e4 e6 2.d4 d5 3.Nd2 Nc6 4.c3 e5 5.exd5 Qxd5 6.Ngf3 exd4 7.Bc4 Qf5 8.Nxd4 Nxd4
9.cxd4 Be6 10.Qa4+ Bd7 11.Qb3 O-O-O 12.O-O Bd6 13.Nf3 f6 14.Be3 Ne7 15.d5 Qh5
16.Bxa7 Bg4 17.h3 Bxf3 18.Qxf3 Qxf3 19.gxf3 Be5 20.d6 Rxd6 21.Bc5 Rc6 22.Rac1 Bd6
23.Be3 Kb8 24.a3 Nf5 25.b4 Re8 26.Bb5 Rxc1 27.Bxc1 c6 28.Bd3 Nh4 29.f4 Ng6
30.Kg2 f5 31.Kf3 Nh4+ 32.Kg3 g5 33.f3 Rf8 34.Kf2 Bxf4 35.Bxf4+ gxf4 36.Rg1 Rd8
37.Be2 h6 38.Rg7 Rd6 39.a4 Rg6 40.Rh7 Ng2 41.a5 Ne3 42.Rh8+ Ka7 43.Rh7 Rg2+
44.Ke1 Rg1+ 45.Kf2 Rb1 46.a6 Rxb4 47.axb7 Rb2 48.b8=Q+ Kxb8 49.Rxh6 Kc7 50.Rg6 Nc2
51.Bd1 Nd4+ 52.Ke1 Rh2 53.Rh6 c5 54.Rh7+ Kd6 55.Rh6+ Kd5 56.Rh8 c4 57.h4 c3
58.h5 Rh1+ 59.Kf2 Rxd1 60.h6 c2  0-1

[Event "CRO-ch"]
[Site "Pula"]
[Date "1996.??.??"]
[Round "?"]
[White "Doric, Nenad"]
[Black "Arapovic, Vitomir"]
[Result "1/2-1/2"]
[WhiteElo "2320"]
[BlackElo "2415"]

1.e4 e6 2.d4 d5 3.Nd2 Nc6 4.Ngf3 g6 5.c3 Bg7 6.Bd3 Nh6 7.Qe2 O-O 8.O-O f6
9.Re1 Nf7 10.exd5 exd5 11.Nf1 Nd6 12.Ne3 Ne7 13.Qc2 c6 14.h3 Be6 15.Bd2 Qd7
16.Re2 Rae8 17.Rae1 Nef5 18.Ng4 Bf7 19.Bf4 Rxe2 20.Rxe2 Re8 21.Rxe8+ Qxe8
22.Ne3 Nxe3 23.Bxe3 Ne4 24.Qe2 g5 25.Bc1 Bh5 26.g4 Bg6 27.Nd2 Bf8 28.f3 Nxd2
29.Bxd2 Qxe2 30.Bxe2 Bd6 31.h4 h6 32.hxg5 hxg5 33.Kf2 Kf7 34.Be3 a5 35.Bd1 b5
36.Ke2 a4 37.a3 Be7 38.Kd2 f5 39.Bc2 f4  1/2-1/2

[Event "Regensburg op"]
[Site "Regensburg"]
[Date "1996.??.??"]
[Round "2"]
[White "Wells, Peter K"]
[Black "Mueller, C."]
[Result "0-1"]
[WhiteElo "2495"]
[BlackElo "2175"]

1.e4 e6 2.d4 d5 3.Nd2 Nc6 4.c3 e5 5.exd5 Qxd5 6.Ngf3 exd4 7.Bc4 Qf5 8.O-O Be6
9.Bxe6 fxe6 10.Nb3 e5 11.cxd4 O-O-O 12.Be3 e4 13.Nfd2 Nf6 14.Rc1 Bd6 15.Nc5 b6
16.Ncxe4 Nb4 17.Nxd6+ Rxd6 18.Qa4 a5 19.Nc4 Re6 20.Ne5 Nbd5 21.Qb5 Kb7 22.Rc6 Rhe8
23.Rfc1 Qe4 24.Nc4 Ka7 25.Nxa5 bxa5 26.Qxa5+ Kb8 27.Qb5+ Kc8 28.R6c4 Kd8
29.Qc5 Rd6 30.Ra4 Ke7 31.Bd2 Kf7 32.Ra7 Kg8 33.Rxc7 Nxc7 34.Qxd6 Ncd5  0-1

[Event "Zhukov mem"]
[Site "Spasskoe"]
[Date "1996.??.??"]
[Round "12"]
[White "Belikov, Vladimir"]
[Black "Legky, Nikolay A"]
[Result "1-0"]
[WhiteElo "2500"]
[BlackElo "2510"]

1.e4 e6 2.d4 d5 3.Nd2 a6 4.Ngf3 c5 5.dxc5 Bxc5 6.Bd3 Nc6 7.O-O Nb4 8.Be2 Nf6
9.a3 dxe4 10.axb4 exf3 11.bxc5 fxe2 12.Qxe2 Bd7 13.Rd1 O-O 14.Nc4 Nd5 15.Ne5 Nf6
16.Bg5 Bb5 17.c4  1-0

[Event "Petrov mem"]
[Site "St Petersburg"]
[Date "1996.??.??"]
[Round "1"]
[White "Yemelin, Vasily"]
[Black "Riazantsev, Alexander"]
[Result "0-1"]
[WhiteElo "2495"]
[BlackElo "2300"]

1.e4 e6 2.d4 d5 3.Nd2 Nc6 4.Ngf3 Nf6 5.e5 Nd7 6.Bb5 a6 7.Bxc6 bxc6 8.Nb3 c5
9.Bg5 Be7 10.Na5 Nb8 11.Bxe7 Qxe7 12.c3 O-O 13.O-O c4 14.b4 cxb3 15.axb3 c5
16.Qc1 Ra7 17.Qe3 Rc7 18.Rfc1 Bd7 19.c4 cxd4 20.Qxd4 Rfc8 21.Qd2 dxc4 22.Nxc4 Bb5
23.Nd6 Rxc1+ 24.Rxc1 Rxc1+ 25.Qxc1 Qd7 26.Ng5 Qc6 27.Qf4 Qc7 28.Ngxf7 h6
29.h3 Qe7 30.Qg4 Kh7 31.Qe4+ g6 32.h4 Bc6 33.Qe3 Qxh4 34.Qd2 Kg7 35.f3 Bd5
36.b4 Nc6 37.Kf1 g5 38.Qc3 Qxb4 39.Qe3  0-1

[Event "Rudenko mem"]
[Site "St Petersburg"]
[Date "1996.??.??"]
[Round "7"]
[White "Shirjaeva, Yaroslava"]
[Black "Chernova, Natalja"]
[Result "1/2-1/2"]
[WhiteElo "2140"]
[BlackElo "2250"]

1.e4 e6 2.d4 d5 3.Nd2 a6 4.Ngf3 Bd7 5.a4 Ne7 6.Bd3 Ng6 7.O-O Be7 8.c4 dxc4
9.Nxc4 Nc6 10.Be3 O-O 11.Nce5 Bd6 12.Nxg6 hxg6 13.Ng5 Be7 14.Nf3 Nb4 15.Bb1 Rc8
16.Ne5 Be8 17.Qe2 c5 18.Rd1 cxd4 19.Bxd4 Qc7 20.Nd3 Nc6 21.Bc3 e5 22.Ba2  1/2-1/2

[Event "RUS-Cup1 Chigorin mem"]
[Site "St Petersburg"]
[Date "1996.??.??"]
[Round "7"]
[White "Faibisovich, Vadim Z"]
[Black "Chepukaitis, Genrikh"]
[Result "1-0"]
[WhiteElo "2410"]
[BlackElo "2310"]

1.e4 e6 2.d4 d5 3.Nd2 Nc6 4.Ngf3 Nge7 5.c3 g6 6.Bd3 Bg7 7.O-O O-O 8.Re1 f6
9.b3 Rf7 10.Ba3 dxe4 11.Nxe4 Nd5 12.Qd2 b6 13.Rad1 a5 14.c4 Ndb4 15.d5 Ne7
16.Bxb4 axb4 17.Qxb4 e5 18.Qd2 Kh8 19.h3 h6 20.Nc3 g5 21.Be4 f5 22.d6 fxe4
23.dxe7 Qxe7 24.Qd8+ Kh7 25.Qxe7 Rxe7 26.Nd2 Rf7 27.Ndxe4 Bb7 28.Re2 Bc6
29.a4 Rg8 30.Nd5 Kg6 31.f3 h5 32.Rd3 Bf8 33.Nf2 Kf5 34.Kf1 Bc5 35.Ne4 Bf8
36.Ng3+ Kg6 37.Rxe5 Bd7 38.Ne4 Kh6 39.Ndf6  1-0

[Event "St Petersburg-ch"]
[Site "St Petersburg"]
[Date "1996.??.??"]
[Round "10"]
[White "Svidler, Peter"]
[Black "Sakaev, Konstantin"]
[Result "1-0"]
[WhiteElo "2630"]
[BlackElo "2560"]

1.e4 e6 2.d4 d5 3.Nd2 a6 4.Ngf3 c5 5.dxc5 Bxc5 6.Bd3 Nc6 7.O-O Nge7 8.a3 O-O
9.b4 Ba7 10.Bb2 Ng6 11.e5 Nf4 12.Nb3 Bd7 13.Qd2 Nxd3 14.cxd3 f6 15.Rac1 Rc8
16.Nc5 Bxc5 17.Rxc5 fxe5 18.Nxe5 Nxe5 19.Bxe5 Rxc5 20.bxc5 Bc6 21.Bd4 Qh4
22.f4 Rf7 23.Qe3 Qe7 24.Rf3 h6 25.Rg3 Kh7 26.h3 Bd7 27.Kh2 Be8 28.Qe2 Kg8
29.Qg4 Qd7 30.Be5 Re7 31.Bf6 Rf7 32.Qg6 Kf8 33.Be5 Kg8 34.Qxh6 Qe7 35.Rg4 Bb5
36.Qg6 Be8 37.Rg5 Rxf4 38.Qxg7+ Qxg7 39.Rxg7+ Kf8 40.Rxb7 Ra4  1-0

[Event "SVK-chT9596"]
[Site "?"]
[Date "1996.??.??"]
[Round "11"]
[White "Manik, Mikulas"]
[Black "Biro, Karol"]
[Result "1-0"]
[WhiteElo "2345"]
[BlackElo "2240"]

1.e4 e6 2.d4 d5 3.Nd2 a6 4.Bd3 c5 5.dxc5 Bxc5 6.Ngf3 Nc6 7.O-O Nf6 8.e5 Nd7
9.Nb3 Be7 10.Re1 Qc7 11.Bf4 Nb4 12.Nbd4 Nxd3 13.cxd3 Nb8 14.Rc1 Nc6 15.Nxc6 bxc6
16.Qa4 Bd7 17.Bg5 Bxg5 18.Nxg5 O-O 19.Qa3 f6 20.exf6 Rxf6 21.d4 Raf8 22.Qd3 Rg6
23.Nf3 Qf4 24.Rc3 c5 25.dxc5 Qg4 26.g3 Bb5 27.Ne5 Qh3 28.Qd2 d4 29.Rb3 Rgf6
30.f3 Rf5 31.Qxd4 Rg5 32.f4 Rh5 33.Qf2 Rxe5 34.Rxe5 Rd8 35.Re1 Bc6 36.Rbe3 Bd5
37.b3 a5 38.Qd2 Rc8 39.Rc3 Qg4 40.Qe2 Qg6 41.c6 Qf7 42.Qa6 Qc7 43.Qb7 Qd8
44.c7 Qd7 45.Qb6 a4 46.Rd1 axb3 47.axb3 g5 48.f5  1-0

[Event "SWE-chT 9596"]
[Site "?"]
[Date "1996.??.??"]
[Round "?"]
[White "Winsnes, Rikard"]
[Black "Karlsson, Lars"]
[Result "1/2-1/2"]
[WhiteElo "2385"]
[BlackElo "2465"]

1.e4 e6 2.d4 d5 3.Nd2 a6 4.Ngf3 c5 5.exd5 exd5 6.Be2 Nf6 7.O-O Be7 8.dxc5 Bxc5
9.Nb3 Bb6 10.Qd3 O-O 11.Be3 Bxe3 12.Qxe3 Re8 13.Qd3 Bg4 14.Rfe1 Nc6 15.Nbd4 Qc7
16.Rac1 Re4 17.Nxc6 bxc6 18.h3 Bh5 19.Nd2 Bxe2 20.Rxe2 Rxe2 21.Qxe2 Qb6 22.b3 Re8
23.Qd3 c5 24.Kf1 Qb4 25.Re1 Rxe1+ 26.Kxe1 Qa3 27.Qf5 h6 28.Qc8+ Kh7 29.Qf5+ Kg8
30.Qc8+ Kh7 31.Qf5+ Kg8 32.Qc8+  1/2-1/2

[Event "Tel Aviv ASA"]
[Site "Tel Aviv"]
[Date "1996.??.??"]
[Round "8"]
[White "Liss, Eran"]
[Black "Botvinnik, Ilia"]
[Result "1/2-1/2"]
[WhiteElo "2525"]
[BlackElo "2350"]

1.e4 e6 2.d4 d5 3.Nd2 Be7 4.c3 dxe4 5.Nxe4 Bd7 6.Nf3 Bc6 7.Bd3 Nd7 8.O-O Ngf6
9.Ng3 O-O 10.Re1 a5 11.Qe2 Bxf3 12.Qxf3 c6 13.Bd2 Re8 14.Re2 Nf8 15.Nh5 Nxh5
16.Qxh5 Bf6 17.Rae1 a4 18.f4 g6 19.Qf3 Qd7 20.g3 Kg7 21.Kg2 Qd5 22.Qxd5 cxd5
23.g4 Rec8 24.Kg3 Nd7 25.f5 exf5 26.gxf5 Nb6 27.a3 Nc4 28.Bc1 g5 29.Kf3 h6
30.Rg1 Kh7 31.Kg4 b5 32.Kh5 Rg8 33.h3 Rae8 34.Rge1 Rxe2 35.Rxe2 Rc8 36.Re1 Kg7
37.Kg4 Rh8 38.Kh5 Rc8 39.Bf1 Rd8 40.Bg2 Nb6 41.Bf1 Nc4 42.Bg2  1/2-1/2

[Event "CAN-ch"]
[Site "Toronto"]
[Date "1996.??.??"]
[Round "10"]
[White "Livshits, Ron"]
[Black "Baragar, Fletcher"]
[Result "1-0"]
[WhiteElo "2390"]
[BlackElo "2305"]

1.e4 e6 2.d4 d5 3.Nd2 a6 4.Ngf3 c5 5.exd5 exd5 6.Be2 Bd6 7.O-O Nf6 8.dxc5 Bxc5
9.Nb3 Ba7 10.Bg5 O-O 11.c3 Re8 12.Nfd4 Qd6 13.Qc1 Nc6 14.Bf4 Qf8 15.Qc2 Re4
16.Bg5 Nxd4 17.Nxd4 Bxd4 18.cxd4 Qd6 19.Rfe1 Bd7 20.Bd3 Rxd4 21.Bxf6 Qxf6
22.Bxh7+ Kh8 23.Bd3 g6 24.Re3 Rc8 25.Qb3 Bc6 26.Rf3 Rf4 27.Rxf4 Qxf4 28.Bxg6 Bd7
29.Bc2 Qd2 30.Bd3 Rc1+ 31.Rxc1 Qxc1+ 32.Bf1 d4 33.Qc4 Qxb2 34.Qxf7 Bb5 35.Bxb5 axb5
36.Qf6+ Kg8 37.h4 Qb1+ 38.Kh2 d3 39.Qg6+ Kf8 40.h5 Qc2 41.f4 Qc3 42.h6 d2
43.h7 d1=Q 44.Qg8+ Ke7 45.h8=Q Qxh8+ 46.Qxh8 Qa4 47.Qe5+ Kd7 48.Qd5+ Kc7
49.Kg3 Kb6 50.f5 Qc2 51.Kf4 Qf2+ 52.Ke5 Qg3+ 53.Kf6 Qh4+ 54.Ke6 Qg4 55.Kd7 Qg7+
56.Ke8 Qh8+ 57.Ke7 Qg7+ 58.Qf7 Qxg2 59.Qe6+ Ka5 60.f6 Qg5 61.Kd7 Qd2+ 62.Ke8 Qh6
63.Qe7 Qh8+ 64.Kd7 Qh3+ 65.Kc7 Qh2+ 66.Kc8 Qh4 67.Qd8+ Ka4 68.f7 Qh3+ 69.Qd7 Qh8+
70.Qe8 Qh3+ 71.Kb8 Qh2+ 72.Ka8 b6 73.f8=Q Qh1+ 74.Ka7 Qh7+ 75.Qee7  1-0

[Event "Toscolano op"]
[Site "Toscolano"]
[Date "1996.??.??"]
[Round "3"]
[White "Nurkic, Sahbaz"]
[Black "Naumkin, Igor"]
[Result "0-1"]
[WhiteElo "2405"]
[BlackElo "2430"]

1.e4 e6 2.d4 d5 3.Nd2 Nc6 4.Ngf3 Nf6 5.e5 Nd7 6.Bb5 a6 7.Bxc6 bxc6 8.Nb3 Be7
9.Na5 Nb8 10.O-O c5 11.dxc5 Bxc5 12.c4 Bb6 13.Be3 Bxa5 14.Qa4+ c6 15.cxd5 exd5
16.Bc5 Bb6 17.Bd6 Be6 18.Rfe1 Qd7 19.Rac1 a5 20.Re2 Bc7 21.Ba3 Na6 22.Rxc6 Nb8
23.Rxe6+ fxe6 24.Qg4 Nc6 25.Bc5 Bd8 26.Rc2 Rc8 27.h4 Nb4 28.Nd4 Nxc2 29.Nxe6 Rg8  0-1

[Event "Toscolano op"]
[Site "Toscolano"]
[Date "1996.??.??"]
[Round "7"]
[White "Drei, Andrea"]
[Black "Naumkin, Igor"]
[Result "1/2-1/2"]
[WhiteElo "2310"]
[BlackElo "2430"]

1.e4 e6 2.d4 d5 3.Nd2 Nc6 4.Ngf3 Nf6 5.e5 Nd7 6.Bb5 a6 7.Bxc6 bxc6 8.Nb3 c5
9.Bg5 Be7 10.Na5 Nxe5 11.dxe5 Bxg5 12.Nc6 Qd7 13.Nxg5 h6 14.Nxf7 Qxf7 15.O-O O-O
16.Qd2 Bd7 17.Na5 Qf4 18.Qxf4 Rxf4 19.Nb3 c4 20.Nc5 Bc8 21.b4 a5 22.a3 c3
23.g3 Rf5 24.f4 g5 25.fxg5 Rxg5 26.Rfe1 Kf7 27.b5 Ke7 28.Rab1 Rb8 29.Re3 Bd7
30.a4 Rb6 31.Rf1 Be8 32.h4 Rg4 33.Rxc3 c6 34.Rf4 Rxf4 35.gxf4 cxb5 36.axb5 Rxb5
37.Nd3 Rb7 38.Ra3 Ra7 39.Kf2 Bg6 40.Ke3 h5 41.c3 Bxd3 42.Kxd3 Kf7 43.Kd4 Kg6
44.c4 dxc4 45.Rg3+ Kf7 46.Rg5 a4 47.Rxh5 Ra6 48.Rg5 a3 49.Rg1 a2 50.Ra1 Kg6
51.Kxc4 Kh5 52.Kb5 Ra3 53.Kc6 Kg4 54.Kd7 Ra6 55.h5 Kxf4 56.h6 Kxe5 57.h7 Ra7+
58.Kc6 Rxh7 59.Rxa2 Kf4 60.Rf2+ Ke3 61.Rf1 e5 62.Re1+ Kd4 63.Rd1+ Kc4 64.Re1 Kd4
65.Rd1+ Ke4 66.Re1+ Kf5 67.Rf1+ Ke6 68.Kc5 Rh4 69.Rf2 Rf4 70.Re2 Kf5 71.Re1 Rf3
72.Kd5 Rd3+ 73.Kc4 e4 74.Rf1+ Rf3 75.Rh1 Kf4 76.Rh4+ Ke3 77.Kc3 Ke2+ 78.Kd4 e3
79.Ke4 Rf2 80.Rh3  1/2-1/2

[Event "Toscolano op"]
[Site "Toscolano"]
[Date "1996.??.??"]
[Round "9"]
[White "Nurkic, Sahbaz"]
[Black "Luciani, Valerio"]
[Result "1-0"]
[WhiteElo "2405"]
[BlackElo "2180"]

1.e4 e6 2.d4 d5 3.Nd2 Nc6 4.Ngf3 Nf6 5.e5 Nd7 6.Bb5 a6 7.Bxc6 bxc6 8.Nb3 Be7
9.Na5 Nb8 10.Be3 Bb4+ 11.Bd2 c5 12.Bxb4 cxb4 13.a3 Qe7 14.Qd2 bxa3 15.Rxa3 Bd7
16.O-O O-O 17.Rfa1 c5 18.dxc5 Qxc5 19.Rc3 Qe7 20.Raa3 Rc8 21.Rxc8+ Bxc8 22.Rc3 Qd8
23.Qg5 Qd7 24.Nd4 h6 25.Qh4 Ra7 26.Rg3 Kh7 27.Qg4 g6 28.h4 Qc7 29.h5 g5 30.Nf3 f5
31.exf6 e5 32.Nxg5+ hxg5 33.Qxg5 Qxc2 34.f7  1-0

[Event "CRO-chT"]
[Site "Tucepi"]
[Date "1996.??.??"]
[Round "?"]
[White "Palac, Mladen"]
[Black "Golubovic, Boris"]
[Result "1/2-1/2"]
[WhiteElo "2545"]
[BlackElo "2385"]

1.e4 e6 2.d4 d5 3.Nd2 Be7 4.Bd3 Nc6 5.Ngf3 Nb4 6.Be2 dxe4 7.Nxe4 Nf6 8.Nxf6+ Bxf6
9.c3 Nd5 10.O-O O-O 11.Bd3 b6 12.Qc2 g6 13.Bh6 Bg7 14.Bxg7 Kxg7 15.Be4 Bb7
16.Rfe1 Qc8 17.c4 Nf6 18.Bxb7 Qxb7 19.Qc3 b5 20.cxb5 Qxb5 21.d5 Qxd5 22.g4 h6
23.h4 e5 24.Rxe5 Qd7 25.g5 Qg4+ 26.Kf1 hxg5 27.hxg5 Qh3+ 28.Ke2 Nh5 29.Re4+ Kg8
30.Qe3 Rad8 31.Rd1 Rb8 32.b3 a5 33.Rh4 Qf5 34.Kf1 a4 35.bxa4 Rb2 36.Rd2  1/2-1/2

[Event "CRO-chT"]
[Site "Tucepi"]
[Date "1996.??.??"]
[Round "?"]
[White "Jurkovic, Ante"]
[Black "Pandurevic, Miro"]
[Result "1/2-1/2"]
[WhiteElo "2335"]
[BlackElo "2235"]

1.e4 e6 2.d4 d5 3.Nd2 Nc6 4.Ngf3 Nf6 5.e5 Nd7 6.Be2 f6 7.exf6 Qxf6 8.Nf1 Bd6
9.Ng3 O-O 10.O-O Nb6 11.Be3 Bd7 12.b3 Be8 13.c4 Bf4 14.Qd2 Bg6 15.Rad1 Rad8
16.c5 Nd7 17.b4 e5 18.b5 Nxd4 19.Nxd4 exd4 20.Qxd4 c6 21.bxc6 bxc6 22.Bd3 Bxd3
23.Rxd3 Bxe3 24.fxe3 Qg6 25.Rxf8+ Nxf8 26.e4 Ne6 27.Qe5 Re8 28.Qd6 dxe4 29.Re3 Rd8
30.Qxc6 Rd1+ 31.Nf1 Qf7 32.Qb5 Nxc5 33.Rc3 Ne6 34.Qe2 Qd7 35.Qxe4 h6 36.Re3 Nf8
37.Qc4+ Qd5 38.Qxd5+ Rxd5 39.Ra3 Rd7 40.Ne3 Kf7 41.Kf2 Ne6 42.h3 Nc5 43.Ke2 Re7
44.Kf3 Rd7 45.Rc3 Ne6 46.Rc4 Rd2 47.Ra4 Rd7  1/2-1/2

[Event "Ubeda op"]
[Site "Ubeda"]
[Date "1996.??.??"]
[Round "?"]
[White "Agnos, Demetrios"]
[Black "Del Rio de Angeles, Gabriel"]
[Result "1-0"]
[WhiteElo "2460"]
[BlackElo "2330"]

1.e4 e6 2.d4 d5 3.Nd2 Nc6 4.Ngf3 Nf6 5.e5 Nd7 6.Nb3 Be7 7.Bb5 a5 8.a4 Na7
9.Bd3 b6 10.c3 c5 11.Be2 O-O 12.O-O Bb7 13.Re1 Nc6 14.Bf4 c4 15.Nc1 Re8 16.Bf1 f6
17.Ne2 f5 18.Qd2 Nf8 19.Bg5 Bxg5 20.Nxg5 h6 21.Nf3 g5 22.g3 Re7 23.h4 Rg7
24.Bg2 Qe7 25.hxg5 hxg5 26.Qe3 Nd8 27.Nd2 Nf7 28.b3 cxb3 29.Reb1 Nh6 30.f3 f4
31.Qf2 Nf5 32.Rxb3 Nd7 33.Bh3 Ne3 34.gxf4 gxf4+ 35.Kh2 Rf8 36.Rg1 Bc6 37.Rxg7+ Kxg7
38.Rb1 Bxa4 39.Nxf4 Rxf4 40.Qg3+ Ng4+ 41.Bxg4 Qg5 42.Bxe6 Rh4+ 43.Kg2 Qxg3+
44.Kxg3 Rh6 45.Bxd5 Bc2 46.Rb2 Bf5 47.Kf4  1-0

[Event "LTU-ch"]
[Site "Vilnius"]
[Date "1996.??.??"]
[Round "7"]
[White "Slapikas, Vytautas"]
[Black "Dambrauskas, Virginijus"]
[Result "1-0"]
[WhiteElo "2345"]
[BlackElo "2350"]

1.e4 e6 2.d4 d5 3.Nd2 Nc6 4.Ngf3 Nf6 5.e5 Ne4 6.Bd3 f5 7.exf6 Nxf6 8.c3 Bd6
9.O-O O-O 10.Re1 Bd7 11.Ne5 Be8 12.Ndf3 Ne7 13.Ng5 Qc8 14.Ng4 h5 15.Nxf6+ Rxf6
16.Qe2 Nf5 17.Nxe6 Bf7 18.Ng5 Bg6 19.Nf3 Qf8 20.Ne5 Bxe5 21.dxe5 Re6 22.Bg5 Qf7
23.f4 c6 24.Rad1 Nd6 25.Bxg6 Qxg6 26.Qd3 Nf5 27.b4 Rc8 28.a4 Qf7 29.b5 Qf8
30.bxc6 bxc6 31.Rb1 g6 32.Rb7 Rb8 33.Qa6 Rxb7 34.Qxb7 Qf7 35.Qa8+ Kh7 36.Rb1 Ne3
37.Rb7  1-0

[Event "JUG-ch (Women) 3"]
[Site "Vrnjacka Banja"]
[Date "1996.??.??"]
[Round "?"]
[White "Bojkovic, Natasa"]
[Black "Matveeva, Svetlana"]
[Result "1/2-1/2"]
[WhiteElo "2400"]
[BlackElo "2445"]

1.e4 e6 2.d4 d5 3.Nd2 Be7 4.Bd3 c5 5.dxc5 Nf6 6.exd5 Qxd5 7.Ngf3 Nbd7 8.Nb3 Nxc5
9.Bb5+ Bd7 10.Bxd7+ Ncxd7 11.O-O O-O 12.Bg5 Rac8 13.c3 Nb6 14.Qc2 Rfe8 15.Rad1 Qe4
16.Qxe4 Nxe4 17.Bxe7 Rxe7 18.Rfe1 Nf6 19.Nbd4 Nfd5 20.Ne5 a6 21.g3 f6 22.Nd3 e5
23.Nb3 Rec7 24.Na5 Na4 25.c4 Ne7 26.c5 Rd8 27.f4 e4 28.Rxe4 Nxc5 29.Rc4 b6
30.Nb3 Nf5 31.Nf2 Rxd1+ 32.Nxd1 Rd7 33.Nf2 Nxb3 34.axb3 h5 35.Rc6 Rd2 36.Rxb6 Rxb2
37.Rxa6 Rxb3  1/2-1/2

[Event "Wattens op"]
[Site "Wattens"]
[Date "1996.??.??"]
[Round "9"]
[White "Hillgarter, Christoph"]
[Black "Thielen, Dankward"]
[Result "0-1"]
[WhiteElo "1865"]
[BlackElo "2135"]

1.e4 e6 2.d4 d5 3.Nd2 a6 4.c4 c5 5.dxc5 Bxc5 6.Nb3 Ba7 7.e5 Qc7 8.cxd5 Qxe5+
9.Be2 Qxd5 10.Qxd5 exd5 11.Nf3 Nc6 12.O-O Nf6 13.Bg5 Ne4 14.Bh4 O-O 15.Rad1 Be6
16.Nfd4 Nxd4 17.Nxd4 Rac8 18.f3 Nc5 19.Bf2 Nd7 20.Rfe1 Bxd4 21.Bxd4 Nb8 22.f4 Nc6
23.Bf3 Nxd4 24.Rxd4 Rc2 25.Bxd5 Bxd5 26.Rxd5 Rxb2 27.Re7 b5 28.Ra7 Rxa2 29.Rxb5 axb5
30.Rxa2 Rb8 31.Kf2 f5 32.Ke3 b4 33.h3 b3 34.Rb2 Kf7 35.g4 g6 36.Kd4 Ke6 37.Kc4 Kd6
38.Rd2+ Kc6 39.Rb2 Rb7 40.g5 Rb8 41.Kd4 Rb4+ 42.Kc3 Kc5  0-1

[Event "Werfen op-A"]
[Site "Werfen"]
[Date "1996.??.??"]
[Round "1"]
[White "Valent, Peter"]
[Black "Staller, Peter"]
[Result "0-1"]
[WhiteElo "1950"]
[BlackElo "2350"]

1.e4 e6 2.d4 d5 3.Nd2 Nc6 4.Ngf3 Nf6 5.e5 Nd7 6.c3 f6 7.exf6 Qxf6 8.Bb5 Bd6
9.O-O O-O 10.Nb3 a6 11.Bd3 e5 12.dxe5 Ndxe5 13.Be2 Ne7 14.Nxe5 Qxe5 15.f4 Qf6
16.Bf3 c6 17.g3 Nf5 18.Qd3 a5 19.a4 b6 20.g4 Nh4 21.Bxd5+ cxd5 22.Qxd5+ Qe6
23.Qxa8 Qxg4+ 24.Kh1 Be6 25.Qe4 Bxb3 26.Rg1 Qf5 27.Qd4 Bd5+  0-1

[Event "Hoogovens-B"]
[Site "Wijk aan Zee"]
[Date "1996.??.??"]
[Round "3"]
[White "Van der Wiel, John TH"]
[Black "Kuijf, Marinus"]
[Result "1/2-1/2"]
[WhiteElo "2535"]
[BlackElo "2470"]

1.e4 e6 2.d4 d5 3.Nd2 Be7 4.c3 dxe4 5.Nxe4 Nf6 6.Bd3 Nbd7 7.Nf3 c5 8.Nxc5 Bxc5
9.dxc5 Nxc5 10.Be2 Qxd1+ 11.Kxd1 b6 12.Ne5 Bb7 13.f3 Ke7 14.Kc2 Rhc8 15.Bg5 h6
16.Bh4 g5 17.Bf2 Nd5 18.Rae1 f6 19.Ng4 h5 20.Ne3 Nxe3+ 21.Bxe3 h4 22.Rhf1 Rc7
23.Rd1  1/2-1/2

[Event "Sonnevanck"]
[Site "Wijk aan Zee"]
[Date "1996.??.??"]
[Round "4"]
[White "Reinderman, Dimitri"]
[Black "Rogers, Ian"]
[Result "1-0"]
[WhiteElo "2500"]
[BlackElo "2575"]

1.e4 e6 2.d4 d5 3.Nd2 Nc6 4.Ngf3 Nf6 5.e5 Nd7 6.Be2 f6 7.exf6 Nxf6 8.O-O Bd6
9.c4 O-O 10.c5 Bf4 11.Bb5 Bd7 12.Nb3 Bxc1 13.Rxc1 Nb4 14.Bxd7 Qxd7 15.a3 Nc6
16.Qe2 Ne4 17.Ne5 Nxe5 18.dxe5 Qa4 19.Qe3 h6 20.f3 Ng5 21.c6 b6 22.Nd4 Rae8
23.h4 Nf7 24.f4 Nd8 25.Qd3 h5 26.Rc3 Re7 27.g3 Nf7 28.Ra1 Nh6 29.b3 Qa5 30.b4 Qa4
31.Qg6 a5 32.Nxe6 axb4 33.Ng5 Rf5 34.Rd3 Rxg5 35.hxg5 Nf7 36.Rxd5  1-0